00674nam a2200217Ia 4500003000400000005001700004008004100021020001800062040000700080041000800087082002300095100003000118245003600148260003400184300001600218365001300234906003600247942001200283999001900295952014200314OSt20230426124117.0210423s2011 xx 000 0 und d a9780198064343 cAL aeng a658.155 223bSRIR aSRIVASTAVA (Rajiv)993415 aDerivatives and risk management bOxford University Pressc2011 axvi,592bPB b410cINR aDerivatives ; management ; risk 2ddccBK c161116d161116 001040708MCOMaSACPGbSACPGd2013-03-16eHigginbothams Pvt Ltdg410.00l0o658.155 SRIRpPG007597r2022-08-24 00:00:00w2021-04-26yBK